UK Towns Quiz - West Midlands - Extreme - Statistics

General Stats
  • This quiz has been taken 296 times
  • The average score is 17 of 40
Answer Stats
Clue Population Name of Town % Correct
B 1,121,408 Birmingham
99%
H 1,866 Hampton in Arden
94%
W 234,015 Wolverhampton
94%
C 344,322 Coventry
92%
D 64,275 Dudley
84%
W 70,778 Walsall
83%
S 107,728 Solihull
78%
W 103,112 West Bromwich
75%
R 93,369 Royal Sutton Coldfield
69%
S 56,935 Stourbridge
61%
H 60,097 Halesowen
56%
S 56,338 Smethwick
49%
W 20,313 Wednesbury
44%
B 51,879 Bloxwich
42%
O 45,187 Oldbury
42%
T 47,190 Tipton
42%
W 49,587 Willenhall
39%
B 34,639 Bilston
38%
K 51,904 Kingswinford
38%
B 21,232 Brownhills
36%
A 15,834 Aldridge
35%
R 39,041 Rowley Regis
34%
K 19,314 Knowle
32%
B 32,879 Brierley Hill
30%
M 2,202 Meriden
30%
P 10,449 Pelsall
28%
B 7,099 Balsall Common
27%
C 18,817 Cradley Heath
27%
D 21,545 Darlaston
26%
S 31,978 Sedgley
26%
C 25,210 Coseley
22%
R 12,844 Rushall
20%
B 6,947 Blackheath
18%
S 16,778 Streetly
14%
H 1,898 Hockley Heath
11%
P 9,490 Pheasey
8%
C 2,741 Cheswick Green
7%
D 4,793 Dickens Heath
7%
C 1,697 Clayhanger
5%
T 1,554 Tidbury Green
5%
No matching quizzes found
Score Distribution
Percent of People with Each Score
Percentile by Number Answered
Your Score History
You have not taken this quiz